000 00270nam a2200109Ia 4500
008 220204s9999 xx 000 0 und d
082 _a82-3
_bMAC
100 _aMaclean, Alistair
245 4 _aThe Golden rendezvous
260 _aGreat Britain
_bFontana
_c1977
942 _cBK
999 _c32926
_d32926